00865nam a22002171 45000010005000000030008000050050017000130080039000300350018000690400032000870410008001190820020001271100035001472450115001822600078002973000035003754900070004105040125004806500021006057000021006267110BD-RjUL20211208234351.0140113s19671950paua b 000 0 eng a(BD-RjUL)7152 aDLCcDLCdDLCdBD-RjULbeng aeng00a339.3bAMR 19672 aAmerican economic association.10aReadings in the theory of income distribution /cselected by a committee of the American economic association. aPhiladelphia;aToronto :bThe Blakiston company,c1950 [Impression 1967]. axvi, 718 p. :bill . ;c22 cm.0 a[Blakiston series of republished articles on economics, vol. III] a"Classified bibliography of articles on national income and distribution, compiled by Frank E. Norton, jr.": p. 661-710. 0aNational income.1 aNorton, Frank E.